[Event "Doeberl Cup"]
[Site "Canberra AUS"]
[Date "1986.??.??"]
[Round "3"]
[White "Halpin, Patrick"]
[Black "Rogers, Ian"]
[Result "0-1"]
[WhiteElo "2275"]
[BlackElo "2515"]
[PlyCount "108"]
[EventDate "1986.??.??"]
[Source "www.chesslib.no"]
[SourceDate "2004.05.04"]

1. e4 e6 2. b3 b6 3. Bb2 Bb7 4. Nc3 c5 5. f4 Nf6 6. e5 Nd5 7. Nxd5 Bxd5 8. Nf3 Be7 9. Bd3 Qc7 10. Qe2 Bb7 11. O-O Nc6 12. c3 O-O-O 13. Bb5 d5 14. d4 Kb8 15. Rf2 h6 16. Raf1 g6 17. Ne1 Rdg8 18. Nc2 Qc8 19. Bd3 Ka8 20. c4 dxc4 21. Bxc4 cxd4 22. Nxd4 Nxd4 23. Bxd4 Rd8 24. Be3 Bh4 25. g3 Be7 26. h3 Qc6 27. Kh2 Qe4 28. Rc1 Ba3 29. Rcf1 h5 30. Bc1 Bc5 31. Qxe4 Bxe4 32. Rd2 Rxd2+ 33. Bxd2 Rd8 34. Bc3 Kb7 35. Re1 Bc6 36. Bf1 a5 37. Bg2 Rd3 38. Rc1 Bd5 39. Bxd5+ exd5 40. Kg2 h4 41. gxh4 Be3 42. Rc2 Bxf4 43. Rf2 d4 44. Bxa5 Bxe5 45. Rxf7+ Kc6 46. Be1 Kd5 47. h5 gxh5 48. Rf5 Ke4 49. Rxh5 Rd1 50. Bb4 d3 51. Rh6 d2 52. Bxd2 Rxd2+ 53. Kf1 Kf3 54. Ke1 Rd8 0-1

[Event "Wroxham Masters"]
[Site "Wroxham"]
[Date "2002.03.09"]
[Round "1"]
[White "Repkova, Eva"]
[Black "Kelly, Brian"]
[Result "0-1"]
[WhiteElo "2345"]
[BlackElo "2445"]
[PlyCount "54"]
[EventDate "2002.03.09"]
[Source "ChessBase"]
[SourceDate "2002.05.03"]

1. e4 e6 2. b3 d5 3. Bb2 Nf6 4. exd5 exd5 5. Nf3 Be7 6. Be2 O-O 7. O-O Re8 8. d4 Bg4 9. Nbd2 Nbd7 10. Ne5 Bxe2 11. Qxe2 Bd6 12. f4 c5 13. c3 cxd4 14. cxd4 Rc8 15. Qd3 a6 16. Qf5 Nf8 17. Ndf3 Rc7 18. Ng5 h6 19. Ngf3 Qc8 20. Qd3 Ne4 21. Rae1 f6 22. Kh1 Rc2 23. Nc4 Nf2+ 24. Rxf2 Rxe1+ 25. Nxe1 Rxf2 26. Nxd6 Qe6 27. Bc3 Qxd6 0-1

[Event "Radulescu mem"]
[Site "Calimanesti"]
[Date "1999.??.??"]
[Round "1"]
[White "Ardeleanu, Alin"]
[Black "Benkovic, Petar"]
[Result "1/2-1/2"]
[WhiteElo "2420"]
[BlackElo "2364"]
[PlyCount "84"]
[EventDate "1999.02.??"]
[Source "ChessBase"]
[SourceDate "1999.06.08"]

1. e4 e6 2. b3 d5 3. Bb2 Nf6 4. exd5 exd5 5. Qe2+ Be6 6. Nf3 Nc6 7. Ng5 Qd7 8. g3 Be7 9. Nxe6 Qxe6 10. Qxe6 fxe6 11. f4 Bd6 12. Bg2 e5 13. Nc3 exf4 14. Nb5 fxg3 15. Nxd6+ cxd6 16. hxg3 Ne5 17. O-O-O Kd7 18. Rh4 Rhf8 19. Re1 Rae8 20. Kd1 Kc7 21. Bd4 b6 22. a4 h5 23. Rf4 g5 24. Rf5 Ne4 25. Ref1 Rxf5 26. Rxf5 Ng4 27. Rf7+ Kb8 28. a5 Ne5 29. Bxe5 Rxe5 30. a6 Nxg3 31. Rb7+ Kc8 32. Rxa7 Kb8 33. Rb7+ Ka8 34. c4 Ne4 35. d3 Nc3+ 36. Kd2 Re2+ 37. Kxc3 Rxg2 38. Kb4 Rb2 39. Rh7 dxc4 40. Rxh5 g4 41. dxc4 g3 42. Rg5 g2 1/2-1/2

[Event "Frydek Mistek Open"]
[Site "Frydek Mistek CZE"]
[Date "1996.??.??"]
[Round "4"]
[White "Valenta, Vit"]
[Black "Ivanov, Vladimir A"]
[Result "0-1"]
[WhiteElo "2320"]
[BlackElo "2460"]
[PlyCount "62"]
[EventDate "1996.??.??"]
[Source "www.chesslib.no"]
[SourceDate "2004.05.04"]

1. e4 e6 2. b3 d5 3. Bb2 Nf6 4. exd5 exd5 5. Nf3 Be7 6. Be2 O-O 7. O-O Bg4 8. Nd4 Bd7 9. Bd3 c5 10. Nf5 Bxf5 11. Bxf5 g6 12. Bh3 Nc6 13. d3 Nh5 14. g3 Bf6 15. c3 Re8 16. Bg2 b5 17. a3 a5 18. d4 cxd4 19. cxd4 Rc8 20. Qd3 Qb6 21. Bxd5 Nxd4 22. Nc3 Rxc3 23. Bxc3 Ne2+ 24. Kh1 Nxc3 25. Bg2 Ng7 26. b4 axb4 27. axb4 Nf5 28. Qd7 Rd8 29. Ra8 Rxa8 30. Bxa8 Qd4 31. Qc6 Qc4 0-1

[Event "Eksjo-A"]
[Site "Eksjo SWE"]
[Date "1980.??.??"]
[Round "1"]
[White "Gonsior, Evzen"]
[Black "Karlsson, Lars C-G"]
[Result "0-1"]
[WhiteElo "2370"]
[BlackElo "2405"]
[PlyCount "58"]
[EventDate "1980.??.??"]
[Source "www.chesslib.no"]
[SourceDate "2004.05.04"]

1. e4 e6 2. b3 b6 3. Bb2 Bb7 4. Nc3 c5 5. Nf3 Nf6 6. Bd3 Be7 7. Qe2 Nc6 8. e5 Nd5 9. Nxd5 exd5 10. O-O O-O 11. Bf5 g6 12. Bh3 Re8 13. Rfe1 Bf8 14. d4 a5 15. Qd2 Nb4 16. a3 Na6 17. c4 Nc7 18. dxc5 bxc5 19. cxd5 Bxd5 20. e6 dxe6 21. Rad1 Bg7 22. Bxg7 Kxg7 23. Qf4 Nb5 24. a4 Qc7 25. Ne5 Nd4 26. Rd3 Rab8 27. g4 Rb4 28. Qg3 f6 29. Nc4 Qxg3+ 0-1

[Event "Capablanca mem-C 13th"]
[Site "Cienfuegos City CUB"]
[Date "1976.05.26"]
[Round "10"]
[White "Ferrera, Benjamin"]
[Black "Boudy, Julio"]
[Result "0-1"]
[WhiteElo "2375"]
[BlackElo "2395"]
[PlyCount "50"]
[EventDate "1976.05.17"]
[Source "www.chesslib.no"]
[SourceDate "2004.05.04"]

1. e4 e6 2. b3 d5 3. Bb2 dxe4 4. Nc3 Nf6 5. Qe2 Be7 6. g4 Nc6 7. Nxe4 Nxe4 8. Qxe4 Bf6 9. c3 Qd5 10. Bg2 Ne5 11. Qxd5 exd5 12. h3 Nd3+ 13. Ke2 Nxb2 14. Rb1 d4 15. Rxb2 dxc3 16. Rc2 h5 17. f3 Bd7 18. dxc3 O-O-O 19. Kf1 Rhe8 20. Ne2 Bc6 21. Kf2 Rd3 22. Rf1 Ree3 23. Nf4 Rxc3 24. Rxc3 Rxc3 25. Nxh5 Bd4+ 0-1

[Event "Aegina Open"]
[Site "Aegina"]
[Date "1996.??.??"]
[Round "7"]
[White "Papaioannou, Ioannis"]
[Black "Haritakis, Theodoros"]
[Result "1/2-1/2"]
[WhiteElo "2425"]
[BlackElo "2345"]
[PlyCount "79"]
[EventDate "1996.??.??"]
[Source "www.chesslib.no"]
[SourceDate "2004.05.04"]

1. e4 e6 2. b3 d5 3. Bb2 Nf6 4. e5 Ng8 5. h4 Be7 6. Qg4 Kf8 7. h5 Nh6 8. Qf4 f5 9. exf6 Bxf6 10. Nf3 Nf7 11. d4 c5 12. c3 Nc6 13. Ba3 Be7 14. Be2 cxd4 15. Bxe7+ Qxe7 16. cxd4 Qb4+ 17. Qd2 Qxd2+ 18. Kxd2 Bd7 19. Bb5 Ke7 20. Nc3 Kd6 21. Bxc6 bxc6 22. Rhe1 c5 23. dxc5+ Kxc5 24. Rac1 Kd6 25. Nd4 a6 26. f4 g5 27. hxg6 hxg6 28. Rh1 g5 29. g3 Rag8 30. Nce2 gxf4 31. gxf4 e5 32. fxe5+ Nxe5 33. Rcf1 Rxh1 34. Rxh1 Rg6 35. Rh8 Nc6 36. Nc2 Bg4 37. Ned4 Nxd4 38. Nxd4 Bd7 39. Kc3 a5 40. Nc2 1/2-1/2

[Event "Pools schev"]
[Site "Singapore"]
[Date "1997.??.??"]
[Round "2"]
[White "Wong Meng Kong"]
[Black "Prihastomo, Iwan"]
[Result "1-0"]
[WhiteElo "2415"]
[BlackElo "2350"]
[PlyCount "57"]
[EventDate "1997.05.31"]
[Source "ChessBase"]
[SourceDate "1997.07.29"]

1. e4 e6 2. b3 d5 3. Bb2 dxe4 4. Nc3 Nf6 5. Qe2 Be7 6. Nxe4 Nxe4 7. Qxe4 Bf6 8. d4 Qd5 9. Bd3 Nc6 10. Nf3 Qxe4+ 11. Bxe4 Ne7 12. O-O-O Rb8 13. h4 h5 14. Rhe1 O-O 15. Ng5 Nf5 16. Bxf5 exf5 17. Ba3 Bxg5+ 18. hxg5 Rd8 19. d5 b5 20. Re7 Rd7 21. Re8+ Kh7 22. Rh1 Kg6 23. Rg8 Ra8 24. Bb2 f6 25. gxf6 Bb7 26. Rxa8 Bxa8 27. fxg7 Bxd5 28. Re1 Rd8 29. Rd1 1-0

[Event "Le Touquet Open"]
[Site "Le Touquet"]
[Date "1995.??.??"]
[Round "?"]
[White "Bergez, Luc"]
[Black "Legky, Nikolay A"]
[Result "0-1"]
[WhiteElo "2260"]
[BlackElo "2505"]
[PlyCount "32"]
[EventDate "1995.??.??"]
[Source "www.chesslib.no"]
[SourceDate "2004.05.04"]

1. e4 e6 2. b3 d5 3. Bb2 dxe4 4. Nc3 Nf6 5. Qe2 Nc6 6. O-O-O Nd4 7. Qe1 Be7 8. d3 exd3 9. Bxd3 O-O 10. Nb1 c5 11. c3 Qc7 12. cxd4 cxd4+ 13. Bc2 e5 14. Nf3 Bf5 15. Rd2 Bb4 16. Qxe5 Bxd2+ 0-1

[Event "Leningrad it"]
[Site "Leningrad RUS"]
[Date "1990.??.??"]
[Round "?"]
[White "Sobolewski, Piotr"]
[Black "Ivanov, Sergey"]
[Result "1/2-1/2"]
[WhiteElo "2305"]
[BlackElo "2460"]
[PlyCount "57"]
[EventDate "1990.??.??"]
[Source "www.chesslib.no"]
[SourceDate "2004.05.04"]

1. e4 e6 2. b3 d5 3. Bb2 Nf6 4. exd5 exd5 5. Nf3 Be7 6. Be2 O-O 7. O-O Re8 8. Re1 c5 9. d4 Nc6 10. Nc3 Bg4 11. dxc5 Bxc5 12. Na4 Bb4 13. c3 Bd6 14. Bc1 Ne4 15. Be3 Bxf3 16. Bxf3 b5 17. Bxe4 Rxe4 18. Nb2 Be5 19. Rc1 Bf6 20. Nd3 Qd6 21. Bc5 Qe6 22. Qd2 Re8 23. f3 Rxe1+ 24. Rxe1 Qd7 25. Rxe8+ Qxe8 26. Nf4 d4 27. cxd4 Bxd4+ 28. Bxd4 Nxd4 29. Kf2 1/2-1/2

[Event "Pardubice Open"]
[Site "Pardubice CZE"]
[Date "1995.??.??"]
[Round "?"]
[White "Totsky, Leonid"]
[Black "Socko, Monika"]
[Result "1-0"]
[WhiteElo "2455"]
[BlackElo "2310"]
[PlyCount "43"]
[EventDate "1995.07.??"]
[Source "www.chesslib.no"]
[SourceDate "2004.05.04"]

1. e4 e6 2. b3 d5 3. Bb2 Nf6 4. exd5 Nxd5 5. Nf3 b6 6. Ne5 Bb7 7. Nxf7 Kxf7 8. Qf3+ Ke8 9. c4 Bd6 10. cxd5 Bxd5 11. Qh5+ g6 12. Qh6 Rf8 13. Qxh7 Qg5 14. Nc3 Be5 15. Nxd5 exd5 16. O-O-O Bxb2+ 17. Kxb2 Kd8 18. Bd3 Rxf2 19. Rhf1 Rxd2+ 20. Ka3 Kc8 21. Rxd2 Qxd2 22. Qg8+ 1-0

[Event "Finkenstein Open"]
[Site "Finkenstein"]
[Date "1996.??.??"]
[Round "5"]
[White "Valenta, Vit"]
[Black "Marjanovic, Slavoljub"]
[Result "1-0"]
[WhiteElo "2320"]
[BlackElo "2445"]
[PlyCount "99"]
[EventDate "1996.??.??"]
[Source "www.chesslib.no"]
[SourceDate "2004.05.04"]

1. e4 e6 2. b3 d5 3. Bb2 Nf6 4. exd5 exd5 5. Nf3 Bd6 6. Qe2+ Qe7 7. Bxf6 gxf6 8. Qxe7+ Bxe7 9. Nc3 Be6 10. Bd3 Nd7 11. Nd4 Ne5 12. Bf5 Bxf5 13. Nxf5 c6 14. Ne2 Rg8 15. d4 Nd7 16. O-O Nf8 17. Rae1 Ne6 18. f4 Bf8 19. Neg3 Kd7 20. Nh5 Rg6 21. c3 Nc7 22. h3 Re8 23. g4 Rxe1 24. Rxe1 Ne8 25. Kg2 a5 26. Kf3 Kd8 27. Re2 Kd7 28. c4 Nc7 29. Nh4 Rh6 30. f5 b6 31. Ng2 Bd6 32. Nhf4 Kd8 33. h4 Kd7 34. h5 Kd8 35. a4 Kd7 36. Rc2 Bb4 37. cxd5 cxd5 38. Rxc7+ Kxc7 39. Nxd5+ Kc6 40. Nxb4+ axb4 41. Ke4 Kd6 42. Nf4 Kc6 43. Nd5 b5 44. Nxb4+ Kb6 45. Nd5+ Ka5 46. axb5 Kxb5 47. Ne7 Kb4 48. Ng8 Rg6 49. hxg6 fxg6 50. fxg6 1-0

[Event "Erkel mem op"]
[Site "?"]
[Date "2000.11.02"]
[Round "5"]
[White "Ardeleanu Alin"]
[Black "Vigh Bela"]
[Result "1/2-1/2"]
[WhiteElo "2379"]
[BlackElo "2378"]
[PlyCount "43"]
[EventDate "2000.??.??"]
[Source "www.chesslib.no"]
[SourceDate "2004.05.04"]

1. e4 e6 2. b3 d5 3. Bb2 Nf6 4. exd5 exd5 5. Qe2+ Be6 6. Nf3 Nc6 7. Ng5 Qd7 8. Nxe6 fxe6 9. d4 Bd6 10. g3 O-O 11. Bh3 Rae8 12. O-O Nd8 13. Nd2 c5 14. c3 Qc7 15. Rac1 e5 16. dxc5 Bxc5 17. b4 Bd6 18. c4 Bxb4 19. cxd5 Qa5 20. Nc4 Qxd5 21. a3 Bc5 22. Ne3 1/2-1/2

[Event "Athens Akropolis-A"]
[Site "Athens GRE"]
[Date "1988.??.??"]
[Round "?"]
[White "Makropoulos, Georgios"]
[Black "Skalkotas, Nikolaos"]
[Result "1-0"]
[WhiteElo "2460"]
[BlackElo "2295"]
[PlyCount "65"]
[EventDate "1988.??.??"]
[Source "www.chesslib.no"]
[SourceDate "2004.05.04"]

1. e4 e6 2. b3 d5 3. Bb2 c5 4. exd5 exd5 5. Bb5+ Bd7 6. Bxd7+ Nxd7 7. Qe2+ Qe7 8. Nc3 Ngf6 9. Nb5 Kd8 10. a4 a6 11. Na3 Kc7 12. Qxe7 Bxe7 13. Nf3 Rae8 14. O-O Bd6 15. d4 Re2 16. Rfe1 Rhe8 17. Rxe2 Rxe2 18. Kf1 Re8 19. Ng5 Bf4 20. Nf3 Bd6 21. Rd1 b6 22. c4 cxd4 23. cxd5 Bxa3 24. Bxa3 Nxd5 25. Rxd4 N7f6 26. Ng5 b5 27. axb5 axb5 28. Nxf7 Ra8 29. Bb2 Re8 30. Rd2 Re7 31. Ne5 Kb7 32. h3 Re8 33. Ng4 1-0

[Event "CRO-chTA (Women)"]
[Site "Pula"]
[Date "2002.09.19"]
[Round "?"]
[White "Repkova, Eva"]
[Black "Cosma, Elena Luminita"]
[Result "1/2-1/2"]
[WhiteElo "2366"]
[BlackElo "2387"]
[PlyCount "62"]
[EventDate "2002.09.16"]
[Source "ChessBase"]
[SourceDate "2002.11.06"]

1. e4 e6 2. b3 d5 3. Bb2 dxe4 4. Nc3 Nf6 5. Qe2 Bb4 6. O-O-O Qe7 7. Kb1 Bxc3 8. dxc3 Bd7 9. g4 h6 10. Bg2 Nc6 11. Bxe4 Nxe4 12. Qxe4 h5 13. Nf3 hxg4 14. Qxg4 O-O-O 15. Rhg1 g6 16. c4 e5 17. Qg5 Qxg5 18. Nxg5 Rxh2 19. Nxf7 Rf8 20. Nxe5 Nxe5 21. Bxe5 Rhxf2 22. Bd4 Re2 23. Rde1 Rxe1+ 24. Rxe1 Re8 25. Rxe8+ Bxe8 26. Be3 Bd7 27. Kc1 Bf5 28. Kd2 a6 29. c5 Kd7 30. c4 Be4 31. Bf4 Kc6 1/2-1/2

[Event "ROM-chT"]
[Site "?"]
[Date "1999.04.17"]
[Round "2"]
[White "Manea Alexandru"]
[Black "Foisor Ovidiu"]
[Result "1-0"]
[WhiteElo "2261"]
[BlackElo "2491"]
[PlyCount "79"]
[EventDate "1999.??.??"]
[Source "www.chesslib.no"]
[SourceDate "2004.05.04"]

1. e4 e6 2. b3 d5 3. Bb2 Nf6 4. e5 Nfd7 5. d4 c5 6. c3 b6 7. f4 Ba6 8. Bxa6 Nxa6 9. Nf3 Nc7 10. O-O Be7 11. Na3 b5 12. Nc2 a5 13. Ne3 a4 14. Qe2 O-O 15. Kh1 axb3 16. axb3 c4 17. Rxa8 Qxa8 18. Ra1 Qb7 19. Nd2 Ra8 20. Qd1 Nb6 21. Qc1 cxb3 22. Nxb3 Nc4 23. Nc2 Ra4 24. Nc5 Bxc5 25. dxc5 Na6 26. Ba3 Nxa3 27. Nxa3 Nxc5 28. Rb1 Nd3 29. Qc2 Rxa3 30. Qxd3 h6 31. h3 Qc7 32. Qxb5 Rxc3 33. Qe8+ Kh7 34. Rb8 Rc1+ 35. Kh2 Qa7 36. Rb3 Qg1+ 37. Kg3 Kg6 38. Kh4 Qe1+ 39. Rg3+ Kh7 40. Qxf7 1-0

[Event "Malmo SWE"]
[Site "Malmo SWE"]
[Date "1984.??.??"]
[Round "?"]
[White "Hector, Jonny"]
[Black "Hoi, Carsten"]
[Result "0-1"]
[WhiteElo "2350"]
[BlackElo "2400"]
[PlyCount "40"]
[EventDate "1984.??.??"]
[Source "www.chesslib.no"]
[SourceDate "2004.05.04"]

1. e4 e6 2. b3 d5 3. Bb2 Nf6 4. exd5 exd5 5. Qe2+ Be6 6. f4 Be7 7. f5 Bxf5 8. Bxf6 gxf6 9. Qb5+ Nc6 10. Nc3 a6 11. Qxd5 Nd4 12. Nf3 Nxc2+ 13. Kd1 Qxd5 14. Nxd5 Nxa1 15. Nd4 Bg6 16. Nxc7+ Kd7 17. Nxa8 Bc5 18. Ne2 Rxa8 19. d3 Bxd3 20. Nf4 Bc2+ 0-1

[Event "St Petersburg White Nights op1"]
[Site "?"]
[Date "2002.??.??"]
[Round "6"]
[White "Karasev Vladimir I"]
[Black "Alikhanov Felix"]
[Result "1-0"]
[WhiteElo "2436"]
[BlackElo "2305"]
[PlyCount "75"]
[EventDate "2002.??.??"]
[Source "www.chesslib.no"]
[SourceDate "2004.05.04"]

1. e4 e6 2. b3 d5 3. Bb2 dxe4 4. Nc3 Nf6 5. Qe2 Be7 6. Nxe4 Nc6 7. Nf3 O-O 8. O-O-O a5 9. a3 b6 10. d4 Bb7 11. Ne5 a4 12. Nxf6+ Bxf6 13. b4 Qd6 14. f4 Rfd8 15. Qg4 Ne7 16. Bd3 g6 17. Rhe1 Bg7 18. Kb1 Ba6 19. c4 c6 20. Qf3 b5 21. c5 Qc7 22. g4 f6 23. f5 exf5 24. gxf5 gxf5 25. d5 cxd5 26. Qg3 f4 27. Qg2 d4 28. Rg1 Nd5 29. Ng4 Kf8 30. Be4 Bb7 31. Rxd4 f5 32. Rxd5 Bxd5 33. Bxd5 fxg4 34. Bxa8 Rd3 35. Qxg4 Bxb2 36. Qf5+ Qf7 37. Qxd3 Bf6 38. Bd5 1-0

[Event "Oberliga Ost-B 9899"]
[Site "?"]
[Date "1999.??.??"]
[Round "?"]
[White "Jakubiec Artur"]
[Black "Cordes Hans Joerg"]
[Result "1-0"]
[WhiteElo "2430"]
[BlackElo "2310"]
[PlyCount "75"]
[EventDate "1999.??.??"]
[Source "www.chesslib.no"]
[SourceDate "2004.05.04"]

1. e4 e6 2. b3 c5 3. Bb2 Nc6 4. Nf3 d5 5. exd5 exd5 6. d4 Nf6 7. Be2 cxd4 8. Nxd4 Bc5 9. O-O O-O 10. Nxc6 bxc6 11. Nc3 Ne4 12. Nxe4 dxe4 13. Qe1 Qe7 14. Kh1 f5 15. Bc4+ Kh8 16. f3 e3 17. f4 Bd7 18. Rf3 Be8 19. b4 Bb6 20. a4 a5 21. bxa5 Bc5 22. Rg3 Bg6 23. a6 Rad8 24. Bc3 Rfe8 25. Rb1 Bd4 26. Ba5 Rd7 27. Qe2 Qe4 28. Rd1 Rde7 29. Bb4 c5 30. c3 Qxf4 31. cxd4 cxb4 32. d5 Rd8 33. a7 Qe5 34. d6 Rxa7 35. Rxe3 Qc5 36. d7 Qf8 37. Bb5 h6 38. Re8 1-0

[Event "otb"]
[Site "otb"]
[Date "2007.03.25"]
[Round "11"]
[White "Smits Mark"]
[Black "Zaragatski Ilja"]
[Result "0-1"]
[WhiteElo "2294"]
[BlackElo "2445"]
[PlyCount "96"]
[Source "www.chesslib.no"]
[SourceDate "2004.05.04"]

1. e4 e6 2. b3 d5 3. Bb2 Nf6 4. e5 Nfd7 5. f4 c5 6. Nf3 Nc6 7. a3 Be7 8. Bd3 O-O 9. h4 h6 10. Qe2 a6 11. c4 Qb6 12. Bc2 Re8 13. cxd5 exd5 14. Nc3 d4 15. Nd5 Qd8 16. Qe4 Nf8 17. Bd3 Be6 18. Bc4 b5 19. Nxe7+ Qxe7 20. Bd3 Qd7 21. Rc1 Bd5 22. Qf5 Be6 23. Qe4 Bd5 24. Qf5 Qxf5 25. Bxf5 Ne7 26. Bb1 Rac8 27. b4 Ne6 28. f5 Bxf3 29. gxf3 Nf4 30. Kf2 c4 31. Bxd4 Rcd8 32. Be3 Nd3+ 33. Bxd3 Rxd3 34. f6 Nf5 35. fxg7 Nxe3 36. dxe3 Rxe5 37. e4 Kxg7 38. Ra1 Re6 39. Rhg1+ Kf6 40. Rg8 Ke5 41. Ke2 Rf6 42. Rg3 Kd4 43. a4 Re3+ 44. Kf2 Rxe4 45. axb5 axb5 46. Ra5 Re5 47. Ra3 c3 48. Ra7 Kc4 0-1

[Event "URS-chT"]
[Site "Azov"]
[Date "1991.??.??"]
[Round "?"]
[White "Karasev, Vladimir I"]
[Black "Itkis, Boris"]
[Result "1-0"]
[WhiteElo "2380"]
[BlackElo "2355"]
[PlyCount "111"]
[EventDate "1991.??.??"]
[Source "ChessBase"]

1. e4 e6 2. b3 d5 3. Bb2 Nf6 4. exd5 exd5 5. Qe2+ Be6 6. Nf3 Nc6 7. Ng5 Qd7 8. Nxe6 fxe6 9. g3 Bc5 10. Bh3 Ne4 11. d3 Bxf2+ 12. Kd1 Ng5 13. Qh5+ Qf7 14. Bg4 Be3 15. Rf1 g6 16. Rxf7 gxh5 17. Rf1 Rf8 18. Rxf8+ Kxf8 19. Bxh5 Kg8 20. Ke2 Bd4 21. c3 Bg7 22. Nd2 Nf7 23. Rf1 Nd6 24. Nf3 h6 25. d4 b5 26. Kd3 Rf8 27. Bg4 Rf6 28. Nd2 Rxf1 29. Nxf1 Kf7 30. Ne3 Ne7 31. Ba3 Nef5 32. Bh5+ Ke7 33. Nxf5+ exf5 34. Bc1 Ke6 35. Bf4 c6 36. a4 bxa4 37. bxa4 a5 38. Kc2 Ke7 39. Be2 Ke6 40. Ba6 Kd7 41. Kb3 Ne4 42. Be2 c5 43. Bb5+ Ke6 44. dxc5 Nxc5+ 45. Kc2 Ne4 46. c4 Bd4 47. cxd5+ Kxd5 48. Bd7 Bg1 49. h3 Bf2 50. Bxf5 Nxg3 51. Bd3 Ne4 52. Bxh6 Nc5 53. Bb5 Ke4 54. Bc6+ Ke5 55. Bd2 Kd6 56. Bb5 1-0

[Event "St Petersburg op"]
[Site "St Petersburg"]
[Date "1994.??.??"]
[Round "9"]
[White "Totsky, Leonid"]
[Black "Frolov, Y."]
[Result "1-0"]
[WhiteElo "2415"]
[BlackElo "2320"]
[PlyCount "45"]
[EventDate "1994.02.??"]
[Source "ChessBase"]

1. e4 e6 2. b3 d5 3. Bb2 dxe4 4. Nc3 Nf6 5. Qe2 Be7 6. Nxe4 Nxe4 7. Qxe4 Bf6 8. d4 Qd5 9. Qe3 Nc6 10. O-O-O Ne7 11. Nf3 Bd7 12. Ne5 Rd8 13. Ng4 Bh4 14. Kb1 Bb5 15. Bxb5+ Qxb5 16. d5 Nf5 17. Qxa7 exd5 18. Rhe1+ Kf8 19. Re5 Nd6 20. Rexd5 Qe2 21. Qd4 f6 22. g3 Bg5 23. Rxg5 1-0

[Event "6. Open"]
[Site "?"]
[Date "2003.02.25"]
[Round "5"]
[White "Jaksland Tim"]
[Black "Matamoros Franco Carlos S"]
[Result "0-1"]
[WhiteElo "2272"]
[BlackElo "2461"]
[PlyCount "106"]
[EventDate "2003.??.??"]
[Source "www.chesslib.no"]
[SourceDate "2004.05.04"]

1. e4 e6 2. b3 d5 3. Bb2 Nc6 4. exd5 exd5 5. Nf3 Nf6 6. Bb5 Bd6 7. Qe2+ Be6 8. Ne5 O-O 9. Bxc6 bxc6 10. Nxc6 Qe8 11. Ne5 Bf5 12. d4 Nd7 13. Nxd7 Qxd7 14. O-O Rae8 15. Qd2 Re6 16. Nc3 Rfe8 17. g3 c6 18. Rfe1 Rxe1+ 19. Rxe1 Rxe1+ 20. Qxe1 Bxc2 21. Qe2 Bg6 22. Kg2 h5 23. h4 f6 24. Na4 Be4+ 25. f3 Bf5 26. Nc5 Qf7 27. Qe1 Kh7 28. Qe3 Qg6 29. Qe1 Bc8 30. Bc1 Qf5 31. Kf2 Qc2+ 32. Qd2 Qg6 33. f4 Bg4 34. Qd3 Bf5 35. Qe2 Bxc5 36. dxc5 Bg4 37. Qe3 Qc2+ 38. Bd2 Qxa2 39. Qd3+ Kg8 40. Qe3 Qc2 41. b4 Kf7 42. Qd4 Qd1 43. Qe3 d4 44. Qe1 Qf3+ 45. Kg1 Qd3 46. Qf2 Bf5 47. Be1 Be4 48. f5 Bxf5 49. Qf4 Be4 50. Qd2 Qf3 51. Qa2+ Kg6 52. Qh2 a6 53. Bd2 Qd1+ 0-1

[Event "WYCC 2008 U18 boys"]
[Site "Vung Tau City VIE"]
[Date "2008.10.26"]
[Round "7.9"]
[White "Paichadze, Luka"]
[Black "Aitbayev, Aslan"]
[Result "0-1"]
[WhiteElo "2437"]
[BlackElo "2296"]
[PlyCount "48"]
[EventDate "2008.10.20"]
[Source "www.chesslib.no"]
[SourceDate "2004.05.04"]

1. e4 e6 2. b3 d5 3. Bb2 dxe4 4. Nc3 Nf6 5. Qe2 Be7 6. O-O-O a5 7. a4 Bd7 8. d3 exd3 9. Rxd3 Na6 10. Rg3 O-O 11. Ne4 Bc6 12. Rd3 Nxe4 13. Rxd8 Rfxd8 14. Nh3 Nb4 15. Be5 Rd2 16. Qxd2 Nxd2 17. Kxd2 Rd8+ 18. Kc1 Be4 19. Bxc7 Rc8 20. Bxa5 Rxc2+ 21. Kd1 Rb2 22. f3 Bd5 23. Kc1 Rc2+ 24. Kb1 Bxb3 0-1

[Event "Zalakaros op 18th"]
[Site "?"]
[Date "1999.05.16"]
[Round "5"]
[White "Ardeleanu Alin"]
[Black "Meszaros Gyula"]
[Result "0-1"]
[WhiteElo "2420"]
[BlackElo "2311"]
[PlyCount "82"]
[EventDate "1999.??.??"]
[Source "www.chesslib.no"]
[SourceDate "2004.05.04"]

1. e4 e6 2. b3 d5 3. Bb2 Nf6 4. exd5 exd5 5. Qe2+ Be7 6. Bxf6 gxf6 7. Qh5 Be6 8. Ne2 Qd6 9. Nbc3 Qe5 10. Qh4 Nc6 11. f4 Qf5 12. Ng3 Qxc2 13. f5 Bxf5 14. Nxd5 O-O-O 15. Qc4 Rhe8 16. Be2 Bc5 17. Rc1 Qxc4 18. bxc4 Nd4 19. Nxf5 Nxe2 20. Rd1 Nd4+ 21. Nfe3 c6 22. Nxf6 Nc2+ 23. Kf2 Re6 24. Nh5 Nxe3 25. dxe3 Rxe3 26. Rxd8+ Kxd8 27. Rd1+ Rd3+ 28. Ke2 Rxd1 29. Kxd1 Ke7 30. Ke2 Bd6 31. h3 Be5 32. Kd3 f5 33. g4 fxg4 34. hxg4 b5 35. cxb5 cxb5 36. Kc2 a5 37. Kd3 Kf7 38. Ke4 Ke6 39. Kd3 h6 40. Ke4 b4 41. Kd3 Kd5 0-1

[Event "XIX Czech Infinity Open"]
[Site "Pardubice CEC"]
[Date "2008.07.16"]
[Round "7"]
[White "Paichadze, L."]
[Black "Saunina, L."]
[Result "1/2-1/2"]
[WhiteElo "2426"]
[BlackElo "2303"]
[PlyCount "101"]
[EventDate "2008.07.11"]
[Source "www.chesslib.no"]
[SourceDate "2004.05.04"]

1. e4 e6 2. b3 d5 3. Bb2 dxe4 4. Nc3 Nf6 5. Qe2 Nc6 6. Nxe4 Nxe4 7. Qxe4 Qd5 8. Qxd5 exd5 9. O-O-O f6 10. g3 Bc5 11. d4 Bd6 12. Bg2 Ne7 13. Ne2 c6 14. Kb1 Kf7 15. Bc1 Bf5 16. Bf4 Ba3 17. h3 h5 18. f3 g5 19. Bc1 Bxc1 20. Kxc1 Ng6 21. Kd2 a5 22. Rhf1 a4 23. Ra1 Rhc8 24. f4 g4 25. hxg4 hxg4 26. Nc3 axb3 27. axb3 Rh8 28. Rxa8 Rxa8 29. Nd1 Rh8 30. Rh1 Rxh1 31. Bxh1 Ne7 32. Ne3 Ke6 33. Bg2 Be4 34. Bf1 f5 35. c4 b6 36. Kc3 c5 37. cxd5+ Nxd5+ 38. Nxd5 Kxd5 39. Bc4+ Kd6 40. Ba6 Bd5 41. Bd3 Be6 42. dxc5+ bxc5 43. Kb2 Bd7 44. Bc4 Bc6 45. Ka3 Bd7 46. b4 cxb4+ 47. Kxb4 Bc6 48. Bd3 Bd7 49. Kc4 Be6+ 50. Kd4 Bd7 51. Bc4 1/2-1/2

[Event "RUS-Cup7"]
[Site "?"]
[Date "1997.??.??"]
[Round "7"]
[White "Novgorodskij Vladimir"]
[Black "Rapoport Igor"]
[Result "1/2-1/2"]
[WhiteElo "2390"]
[BlackElo "2335"]
[PlyCount "87"]
[EventDate "1997.??.??"]
[Source "www.chesslib.no"]
[SourceDate "2004.05.04"]

1. e4 e6 2. b3 d5 3. Bb2 Nf6 4. exd5 exd5 5. Nf3 Be7 6. Be2 O-O 7. O-O Bf5 8. d4 Ne4 9. Ne5 c5 10. c4 dxc4 11. Bxc4 cxd4 12. Qf3 Nd6 13. Nxf7 Nxf7 14. Qxf5 Nc6 15. Nd2 g6 16. Qe6 Kg7 17. Nf3 Bc5 18. Rad1 Ng5 19. Nxg5 Qxg5 20. Qd7+ Qe7 21. Rxd4 Nxd4 22. Bxd4+ Rf6 23. Qxe7+ Bxe7 24. Bd5 Rb8 25. Rc1 Kf8 26. Bxf6 Bxf6 27. g3 Be5 28. f4 Bd6 29. Kg2 b6 30. Kf3 Rd8 31. Be4 Bc5 32. Rc2 Ke7 33. h4 Rd1 34. Kg4 Kf6 35. h5 Re1 36. Rc4 Rd1 37. b4 Rd4 38. Rxd4 Bxd4 39. h6 Bc3 40. Bd5 Bxb4 41. Kh4 Kf5 42. Bg8 Be7+ 43. Kh3 Bf8 44. Bxh7 1/2-1/2